000 00464nam a2200193Ia 4500
003 OSt
005 20250820103900.0
008 250729s2005 xx 000 0 und d
020 _a978-8120701021
040 _cAL
041 _aeng
082 _a370 TANE
100 _aTaneja V R
_9221619
245 _aEducational thought and practice
260 _aNew Delhi
_bA P H Publishing
_c2005
300 _a351p
650 _aEducation
_9221620
942 _2ddc
_cBED
999 _c235097
_d235097